Equipos del fútbol francés con imágenes - Estadísticas

Estadísticas generales
  • Esta prueba ha sido intentada 10 veces
    9 desde el último reinicio
  • La puntuación promedio es 19 de 35
Estadísticas de respuestas
Imagen Respuesta % Correcto
Mónaco
100%
Olympique de Lyon
100%
Olympique de Marsella
100%
Paris Saint-Germain
100%
Girondins de Burdeos
89%
París FC
89%
Stade Rennes
89%
Stade Brest
78%
Lille
67%
Lorient
67%
Montpellier
67%
Racing de Estrasburgo
67%
RC Lens
67%
Toulouse
67%
Le Havre
56%
Metz
56%
Nantes
56%
Niza
56%
Saint-Étienne
56%
Ajaccio
44%
Amiens
44%
Auxerre
44%
Guingamp
44%
Stade de Reims
44%
Bastia
33%
Clermont
33%
Le Mans
33%
Nancy
33%
Red Star FC
33%
Caen
22%
Dijon
22%
Orléans
22%
Sochaux
22%
Valenciennes
22%
Nîmes Olympique
11%
No se encontraron pruebas coincidentes
Distribución de puntuación
Porcentaje de gente con cada puntuación
Porcentaje por número respondido
Historial de tus puntuaciones
No has intentado esta prueba desde el último reinicio